000 00376nam a2200157Ia 4500
008 230711s9999||||xx |||||||||||||| ||und||
041 _aENG
082 _a615
_bRK-H
100 _aR.K Tandon
245 0 _aHomeopathic guide for family health
250 _a1st Ed.
260 _c1989
_aBombay
_bRajindra Publication
650 _aLiterature
700 _aV.R Bajaj
942 _cBK
999 _c673
_d673